Países que faziam parte da União Soviética - Statistics

Estatísticas Gerais
  • Esse quiz foi jogado 762 vezes
  • A pontuação média é 12 de 15
Estatísticas das Respostas
Países Área População % Correto
Ucrânia 603.700 km² 41.858.120
95%
Rússia 17.075.400 km² 146.745.098
94%
Letônia 64.589 km² 1.906.800
89%
Lituânia 65.300 km² 2.793.471
89%
Estônia 45.227 km² 1.328.360
88%
Cazaquistão 2.725.900 km² 18.694.800
87%
Turquemenistão 488.000 km² 6.031.187
82%
Azerbaijão 86.600 km² 10.067.108
81%
Bielorrússia 207.600 km² 9.600.000
81%
Uzbequistão 447.400 km² 34.165.089
81%
Armênia 29.743 km² 2.957.500
80%
Geórgia 69.500 km² 4.200.000
80%
Quirguistão 199.900 km² 6.533.500
78%
Moldávia 33.843 km² 2.681.735
74%
Tadjiquistão 143.100 km² 9.127.000
61%
Nenhum quiz correspondente encontrado
Distribuição das Pontuações
Porcentagem de Pessoas com Cada Pontuação
Percentil de Números Respondidos
Sua Pontuação Histórica
Você não jogou esse quiz